Catálogo

Relaciones financieras externas y su efecto en la economía latinoamericana / (Registro nro. 28234)

Detalles MARC
000 -LEADER
fixed length control field 01212cam a2200325 i 4500
001 - CONTROL NUMBER
control field 28234
003 - CONTROL NUMBER IDENTIFIER
control field Mx-PuUPA
005 - DATE AND TIME OF LATEST TRANSACTION
control field 20241023113610.0
008 - FIXED-LENGTH DATA ELEMENTS--GENERAL INFORMATION
fixed length control field 140415s1983 mx d gr 000 0 spa d
020 ## - INTERNATIONAL STANDARD BOOK NUMBER
International Standard Book Number 9681613228
040 ## - CATALOGING SOURCE
Transcribing agency Mx-PuUPA
Original cataloging agency Mx-PuUPA
Language of cataloging spa
Modifying agency Mx-PuUPA
Description conventions rda
041 0# - LANGUAGE CODE
Language code of text/sound track or separate title spa
245 00 - TITLE STATEMENT
Title Relaciones financieras externas y su efecto en la economía latinoamericana /
Statement of responsibility, etc. selección de Ricardo Ffrench-Davis
246 14 - VARYING FORM OF TITLE
Title proper/short title Las relaciones financieras externas :
Remainder of title su efecto en la economía latinoamericana.
250 ## - EDITION STATEMENT
Edition statement Primera edición
264 #1 - PRODUCTION, PUBLICATION, DISTRIBUTION, MANUFACTURE, AND COPYRIGHT NOTICE
Place of production, publication, distribution, manufacture México, D.F :
Name of producer, publisher, distributor, manufacturer Fondo de Cultura Económica;
Date of production, publication, distribution, manufacture, or copyright notice 1983
300 ## - PHYSICAL DESCRIPTION
Extent 430 páginas :
Other physical details gráficas ;
Dimensions 21 cm
336 ## - CONTENT TYPE
Fuente rdacontent
Content type term texto
Content type code txt
337 ## - MEDIA TYPE
Source rdamedia
Media type term sin medio
Media type code n
338 ## - CARRIER TYPE
Source rdacarrier
Carrier type term volumen
Carrier type code nc
490 ## - SERIES STATEMENT
Series statement Lecturas ;
Volume/sequential designation 47
650 #7 - SUBJECT ADDED ENTRY--TOPICAL TERM
9 (RLIN) 13986
Source of heading or term armarc
Topical term or geographic name entry element Economía
Geographic subdivision América Latina
650 #7 - SUBJECT ADDED ENTRY--TOPICAL TERM
Source of heading or term armarc
Topical term or geographic name entry element Finanzas internacionales
Geographic subdivision América Latina
651 #4 - SUBJECT ADDED ENTRY--GEOGRAPHIC NAME
Geographic name América Latina
General subdivision Condiciones económicas
700 1# - ADDED ENTRY--PERSONAL NAME
Personal name Ffrench-Davis, Ricardo,
Relator term editor
942 ## - ADDED ENTRY ELEMENTS (KOHA)
Source of classification or shelving scheme Dewey Decimal Classification
Koha item type Libro
Classification part 330.98
Item part R382
Existencias
Withdrawn status Lost status Source of classification or shelving scheme Damaged status Not for loan Collection code Home library Current library Shelving location Date acquired Source of acquisition Total Checkouts Full call number Barcode Date last seen Price effective from Koha item type
    Dewey Decimal Classification     General Biblioteca Karol Wojtyla Biblioteca Karol Wojtyla Sala general 03/12/2013 Donación   330.98 R382 1983 48811 05/01/2026 03/12/2013 Libro